Defeat in the West, (Record no. 551793)

000 -LEADER
fixed length control field 00672cam a22001811 4500
082 ## - DEWEY DECIMAL CLASSIFICATION NUMBER
Classification number 940.5421
Author Mark SHU
100 1# - MAIN ENTRY--PERSONAL NAME
Personal name Shulman, Milton,
9 (RLIN) 48930
245 10 - TITLE STATEMENT
Title Defeat in the West,
Statement of responsibility, etc. by Milton Shulman. With an introd. by Major General Sir Ian Jacob.
260 ## - PUBLICATION, DISTRIBUTION, ETC.
Place of publication, distribution, etc. London,
Name of publisher, distributor, etc. Secker and Warburg,
Date of publication, distribution, etc. 1947.
300 ## - PHYSICAL DESCRIPTION
Extent xv, 336 p.
Other physical details illus.
Dimensions 23 cm.
526 ## - STUDY PROGRAM INFORMATION NOTE
Program name 0
Interest level 0
Reading level 0
Title point value 940_542100000000000_SHU
526 ## - STUDY PROGRAM INFORMATION NOTE
Program name 0
Interest level 0
Reading level 0
Title point value 940_542100000000000_SHU
526 ## - STUDY PROGRAM INFORMATION NOTE
Program name 0
Interest level 0
Reading level 0
Title point value 940_542100000000000_SHU
526 ## - STUDY PROGRAM INFORMATION NOTE
Program name 0
Interest level 0
Reading level 0
Title point value 940_542100000000000_SHU
650 #0 - SUBJECT ADDED ENTRY--TOPICAL TERM
Topical term or geographic name entry element World War, 1939-1945
General subdivision Campaigns
Geographic subdivision Western Front.
9 (RLIN) 48931
650 #0 - SUBJECT ADDED ENTRY--TOPICAL TERM
Topical term or geographic name entry element World War, 1939-1945
Geographic subdivision Germany.
9 (RLIN) 48932
942 ## - ADDED ENTRY ELEMENTS (KOHA)
Source of classification or shelving scheme
Koha item type Book
Holdings
Withdrawn status Lost status Source of classification or shelving scheme Damaged status Not for loan Permanent Location Current Location Date acquired Total Checkouts Full call number Barcode Date last seen Price effective from Koha item type
          Military College of Engineering (MCE) Military College of Engineering (MCE) 12/29/2014   940.5421 SHU MCE-41779 12/29/2014 12/29/2014 Book
          Military College of Engineering (MCE) Military College of Engineering (MCE) 12/29/2014   940.5421 SHU MCE-41774 12/29/2014 12/29/2014 Book
          Military College of Engineering (MCE) Military College of Engineering (MCE) 12/29/2014   940.5421 SHU MCE-41781 12/29/2014 12/29/2014 Book
          Military College of Engineering (MCE) Military College of Engineering (MCE) 12/29/2014   940.5421 SHU MCE-41780 12/29/2014 12/29/2014 Book
© 2023 Central Library, National University of Sciences and Technology. All Rights Reserved.